[Event "US Masters op"]
[Site "Hendersonville"]
[Date "2006.03.19"]
[Round "8"]
[White "Potter, John Russell"]
[Black "Bereolos, Peter"]
[Result "0-1"]
[WhiteElo "2214"]
[BlackElo "2307"]
[PlyCount "58"]
[EventDate "2006.03.11"]
[EventType "swiss"]
[EventRounds "9"]
[EventCountry "USA"]
[SourceTitle "EXT 2007"]
[Source "ChessBase"]
[SourceDate "2006.11.23"]
[SourceVersion "1"]
[SourceVersionDate "2006.11.23"]
[SourceQuality "1"]

1. d4 Nf6 2. c4 g6 3. Nc3 Bg7 4. e4 d6 5. f3 0-0 6. Be3 c5 7. dxc5 dxc5 8. Bxc5 Nc6 9. Nge2 Nd7 10. Be3 Nde5 11. Nf4 Qa5 12. Kf2 Rd8 13. Qc1 Nb4 14. a3 Nbd3+ 15. Bxd3 Nxd3+ 16. Nxd3 Rxd3 17. Nd5 Rb3 18. Rb1 e6 19. Qc2 Qa4 20. Ne7+ Kf8 21. Bc5 Ke8 22. Qd2 Qxc4 23. Rhc1 Qd3 24. Qg5 h6 25. Nf5 Bd4+ 26. Nxd4 hxg5 27. Rd1 Rxb2+ 28. Kg3 Qxb1 29. Rxb1 Rxb1 0-1

[Event "US Masters op"]
[Site "Hendersonville"]
[Date "2006.03.18"]
[Round "7"]
[White "Harris, David"]
[Black "Bereolos, Peter"]
[Result "0-1"]
[WhiteElo "2185"]
[BlackElo "2307"]
[PlyCount "82"]
[EventDate "2006.03.11"]
[EventType "swiss"]
[EventRounds "9"]
[EventCountry "USA"]
[SourceTitle "EXT 2007"]
[Source "ChessBase"]
[SourceDate "2006.11.23"]
[SourceVersion "1"]
[SourceVersionDate "2006.11.23"]
[SourceQuality "1"]

1. e4 e5 2. Bc4 Nc6 3. f4 Bc5 4. Nf3 d6 5. Nc3 Nf6 6. d3 a6 7. f5 h6 8. Nd5 Nxd5 9. Bxd5 Nd4 10. Nxd4 Bxd4 11. Qh5 Qe7 12. c3 Bb6 13. Bd2 c6 14. Bb3 Bd7 15. 0-0-0 Rf8 16. Rdf1 0-0-0 17. f6 gxf6 18. Qxh6 f5 19. exf5 f6 20. Qh3 Rh8 21. Qf3 d5 22. Re1 Qh7 23. g4 Qh3 24. Qxh3 Rxh3 25. g5 fxg5 26. f6 g4 27. Rxe5 g3 28. d4 gxh2 29. Rg5 Bc7 30. Bd1 Rf8 31. Rg7 Bf5 32. f7 Rh7 33. Re1 Rxf7 34. Rxf7 Rxf7 35. Bf3 Be4 36. Bxe4 dxe4 37. Be3 Rh7 38. Rh1 Rg7 39. Rf1 Bf4 40. Bxf4 Rg1 41. Bxh2 Rxf1+ 0-1

[Event "Chicago op 13th"]
[Site "Chicago"]
[Date "2004.05.30"]
[Round "5"]
[White "Burgess, Jon Lee"]
[Black "Bereolos, Peter"]
[Result "1/2-1/2"]
[WhiteElo "2153"]
[BlackElo "2326"]
[PlyCount "85"]
[EventDate "2004.05.28"]
[EventType "swiss"]
[EventRounds "7"]
[EventCountry "USA"]
[SourceTitle "CBM 100 Extra"]
[Source "ChessBase"]
[SourceDate "2004.07.06"]
[SourceVersion "2"]
[SourceVersionDate "2004.07.06"]
[SourceQuality "1"]

1. e4 e5 2. Nf3 Nc6 3. Bb5 a6 4. Ba4 Nf6 5. Qe2 Be7 6. c3 b5 7. Bc2 0-0 8. d3 d5 9. h3 Re8 10. 0-0 Bb7 11. Re1 Bf8 12. Bg5 dxe4 13. dxe4 h6 14. Bh4 Nb8 15. Nbd2 Nbd7 16. Rad1 c5 17. Nf1 Qc7 18. N3d2 Be7 19. Bg3 g6 20. c4 Nh5 21. cxb5 Nxg3 22. Nxg3 axb5 23. Qxb5 Bc6 24. Qe2 Rxa2 25. Nc4 Ba4 26. Bxa4 Rxa4 27. Qc2 Rb4 28. Nf1 Bg5 29. g3 h5 30. h4 Bh6 31. Nfe3 Bxe3 32. Nxe3 Nf6 33. Nd5 Nxd5 34. Rxd5 c4 35. Rc1 Qb6 36. Rf1 Rb3 37. Kg2 Qf6 38. Qxc4 Qf3+ 39. Kg1 Rxb2 40. Qc6 Reb8 41. Qc7 Ra8 42. Qxe5 Re2 43. Rd7 1/2-1/2

[Event "Chicago op 12th"]
[Site "Chicago"]
[Date "2003.05.26"]
[Round "6"]
[White "Bereolos, Peter"]
[Black "Gallegos, Paul"]
[Result "1-0"]
[WhiteElo "2308"]
[BlackElo "2098"]
[PlyCount "73"]
[EventDate "2003.05.23"]
[EventType "swiss"]
[EventRounds "7"]
[EventCountry "USA"]
[SourceTitle "CBM 094 Extra"]
[Source "ChessBase"]
[SourceDate "2003.07.09"]
[SourceVersion "2"]
[SourceVersionDate "2003.07.09"]
[SourceQuality "1"]

1. d4 Nf6 2. c4 g6 3. Nc3 Bg7 4. e4 d6 5. f4 c5 6. d5 0-0 7. Nf3 a6 8. a4 e6 9. Be2 exd5 10. cxd5 Re8 11. Nd2 Ng4 12. Bxg4 Qh4+ 13. g3 Qxg4 14. Qxg4 Bxg4 15. h3 Bxc3 16. bxc3 Bf5 17. Kf2 Bxe4 18. Re1 f5 19. Nxe4 fxe4 20. Rb1 b5 21. axb5 axb5 22. Rxb5 Ra2+ 23. Re2 Ra1 24. Bb2 Rd1 25. c4 Na6 26. Rb7 Nb4 27. Rg7+ Kf8 28. Rxh7 e3+ 29. Kf3 Rf1+ 30. Kg2 Rf2+ 31. Rxf2 exf2 32. Bg7+ Kg8 33. Rh8+ Kf7 34. Rxe8 Kxe8 35. Kxf2 Kf7 36. Bc3 Nc2 37. Ke2 1-0

[Event "Chicago op 12th"]
[Site "Chicago"]
[Date "2003.05.25"]
[Round "5"]
[White "Stauffer, Craig A"]
[Black "Bereolos, Peter"]
[Result "0-1"]
[WhiteElo "2171"]
[BlackElo "2308"]
[PlyCount "78"]
[EventDate "2003.05.23"]
[EventType "swiss"]
[EventRounds "7"]
[EventCountry "USA"]
[SourceTitle "CBM 094 Extra"]
[Source "ChessBase"]
[SourceDate "2003.07.09"]
[SourceVersion "2"]
[SourceVersionDate "2003.07.09"]
[SourceQuality "1"]

1. d4 Nf6 2. c4 g6 3. Nc3 Bg7 4. e4 d6 5. Be2 0-0 6. Nf3 e5 7. 0-0 Na6 8. Re1 c6 9. h3 exd4 10. Nxd4 Re8 11. Bf3 Nd7 12. Be2 Nac5 13. Bf1 a5 14. Nf3 Ne5 15. Be3 Qe7 16. Qd2 Nxf3+ 17. gxf3 Ne6 18. Rad1 a4 19. a3 Qh4 20. Qxd6 Ng5 21. Bxg5 Qxg5+ 22. Qg3 Qc5 23. e5 Bf5 24. f4 f6 25. Ne4 Bxe4 26. Rxe4 fxe5 27. Rde1 Re6 28. fxe5 Rae8 29. b4 axb3 30. Qxb3 Rxe5 31. Rxe5 Bxe5 32. Kg2 Rf8 33. Re3 Bd4 34. Rf3 Bxf2 35. Rxf8+ Qxf8 36. Qxb7 Bd4 37. h4 Qf2+ 38. Kh3 Qxf1+ 39. Kh2 Be5# 0-1

[Event "Chicago op 12th"]
[Site "Chicago"]
[Date "2003.05.23"]
[Round "1"]
[White "Faulks, Nick"]
[Black "Bereolos, Peter"]
[Result "0-1"]
[WhiteElo "2060"]
[BlackElo "2308"]
[PlyCount "58"]
[EventDate "2003.05.23"]
[EventType "swiss"]
[EventRounds "7"]
[EventCountry "USA"]
[SourceTitle "CBM 094 Extra"]
[Source "ChessBase"]
[SourceDate "2003.07.09"]
[SourceVersion "2"]
[SourceVersionDate "2003.07.09"]
[SourceQuality "1"]

1. e4 e5 2. Nc3 Nc6 3. Bc4 Bc5 4. d3 Nf6 5. Bg5 h6 6. Bh4 g5 7. Bg3 d6 8. Na4 Bb6 9. Nxb6 axb6 10. a3 Be6 11. Bxe6 fxe6 12. h4 Rg8 13. hxg5 hxg5 14. Nf3 Qe7 15. Qd2 Qg7 16. 0-0-0 0-0-0 17. Kb1 Rdf8 18. Rh2 g4 19. Ng1 Rh8 20. Rxh8 Rxh8 21. Ne2 Ne7 22. Qe3 Qh6 23. Qxh6 Rxh6 24. Kc1 Ng6 25. Kd2 Kd7 26. Kc3 Nh5 27. f3 Nxg3 28. Nxg3 Rh2 29. Rd2 Nf4 0-1

[Event "Chicago op 11th"]
[Site "Chicago"]
[Date "2002.05.26"]
[Round "5"]
[White "Bereolos, Peter"]
[Black "Rea, Andrew"]
[Result "1/2-1/2"]
[WhiteElo "2312"]
[BlackElo "2168"]
[PlyCount "84"]
[EventDate "2002.05.24"]
[EventType "swiss"]
[EventRounds "7"]
[EventCountry "USA"]
[SourceTitle "CBM 088 Extra"]
[Source "ChessBase"]
[SourceDate "2002.07.01"]
[SourceVersion "2"]
[SourceVersionDate "2002.07.01"]
[SourceQuality "1"]

1. d4 Nf6 2. c4 e6 3. Nc3 Bb4 4. g3 c5 5. Nf3 0-0 6. Bg2 d5 7. cxd5 Nxd5 8. Bd2 Nc6 9. Nxd5 Qxd5 10. Bxb4 Nxb4 11. 0-0 Nc6 12. e3 Qh5 13. dxc5 Qxc5 14. Rc1 Qb6 15. Qc2 Bd7 16. Nd2 Rac8 17. Nc4 Qa6 18. Qb3 b5 19. Nd2 Ne5 20. f4 Nc4 21. Nxc4 bxc4 22. Qc3 Bc6 23. Bxc6 Rxc6 24. a3 Rb6 25. Rf2 Qb7 26. Qd4 Rc6 27. Rfc2 h5 28. Rxc4 Rxc4 29. Rxc4 h4 30. gxh4 Qf3 31. Rc2 f6 32. Rf2 Qg4+ 33. Rg2 Qxh4 34. Rg3 Rc8 35. Qd3 Qh5 36. Rxg7+ Kxg7 37. Qd7+ Kg6 38. Qxc8 Qd1+ 39. Kf2 Qd2+ 40. Kf3 Qd1+ 41. Kg3 Qg1+ 42. Kf3 Qe1 1/2-1/2

[Event "King's Island op 10th"]
[Site "King's Island"]
[Date "2001.11.10"]
[Round "3"]
[White "Bereolos, Peter"]
[Black "Blocker, Calvin"]
[Result "0-1"]
[WhiteElo "2313"]
[BlackElo "2395"]
[PlyCount "92"]
[EventDate "2001.11.09"]
[EventType "swiss"]
[EventRounds "5"]
[EventCountry "USA"]
[SourceTitle "EXT 2002"]
[Source "ChessBase"]
[SourceDate "2001.11.25"]
[SourceVersion "1"]
[SourceVersionDate "2001.11.25"]
[SourceQuality "1"]

1. d4 Nf6 2. c4 e6 3. Nc3 Bb4 4. g3 c5 5. Nf3 0-0 6. Bg2 Nc6 7. 0-0 d6 8. d5 Bxc3 9. dxc6 Ba5 10. Nd4 d5 11. cxb7 Bxb7 12. Nb3 Bb6 13. Be3 Qe7 14. cxd5 Nxd5 15. Bd2 a5 16. a3 c4 17. Nc1 Nf6 18. Qc2 Bxg2 19. Kxg2 Qb7+ 20. f3 Rfd8 21. e4 Nd7 22. Ne2 Nc5 23. Rad1 Nd3 24. Bc3 a4 25. Nc1 Qa6 26. Qe2 Rd7 27. Qc2 Qb5 28. Ne2 Be3 29. Rb1 Rad8 30. Rfd1 f6 31. Rf1 Kf7 32. Rfd1 h5 33. Ng1 h4 34. Qe2 Ba7 35. f4 Rh8 36. Qf3 Bxg1 37. Rxg1 Qc5 38. Rgf1 h3+ 39. Kh1 Qc6 40. g4 g6 41. Bxf6 Rh7 42. Bc3 Ke8 43. Rbd1 Rhf7 44. Qe3 Nf2+ 45. Qxf2 Qxe4+ 46. Kg1 Rxf4 0-1